000 00604nam a2200205 i 4500
001 184433
003 ES-MaACL
005 20231229063101.0
008 150826s1993 fr |||| | fre d
020 _a2-07-036361-9
080 _a821.133.1-2"19"
100 1 _aIonesco, Eugène,
_d1909-1994
_965378
245 1 3 _aLe roi se meurt /
_cEugéne Ionesco.
260 _a[Paris] :
_bGallimard,
_c[1993]
300 _a[136] p. ;
_c18 cm.
490 1 _aFolio ;
_v361
830 0 _aFolio ;
_v361
_9178839
852 _aES-MaACL
_jL-30162
_z. - Donat. Miguel A. Velasco
999 _c184433
_d184433